Diversidad / (Registro nro. 38401)

Detalles MARC
000 -CABECERA
Longitud fija campo de control 01169nam a22003495a 4500
003 - IDENTIFICADOR DEL NUMERO DE CONTROL
Identificador del número de control CO-BoRNBP
005 - FECHA Y HORA DE LA ULTIMA TRANSACCION
Fecha y hora de la última transacción 20241003113035.0
007 - CAMPO FIJO DE DESCRIPCION FISICA
Campo fijo de descripción física ta
008 - CODIGOS DE INFORMACION DE LONGITUD FIJA
Códigos de información de longitud fija 210416s2020 gr 000 0dspa d
020 ## - NUMERO INTERNACIONAL NORMALIZADO PARA LIBROS
Número Internacional Normalizado para Libros (ISBN) 9789585586376 (volumen)
020 ## - NUMERO INTERNACIONAL NORMALIZADO PARA LIBROS
Número Internacional Normalizado para Libros (ISBN) 9789585586321 (colección)
040 ## - FUENTE DE LA CATALOGACION
Centro catalogador de origen CO-BoBLA
Lengua de catalogación spa
Centro transcriptor CO-BoBLA
Normas de descripción rda
041 0# - CODIGO DE LENGUA
Código de lengua del texto/banda sonora o título independiente spa
082 04 - NUMERO DE LA CLASIFICACION DECIMAL DEWEY
Número de clasificación (R) 301
Número del ítem Q84d
Número de edición 21 ed.
100 1# - PUNTO DE ACCESO PRINCIPAL-NOMBRE DE PERSONA
Nombre de persona Quintana Porras, Laura.
245 10 - TITULO PROPIAMENTE DICHO
Título Diversidad /
Mención de responsabilidad, etc. Laura Quintana, Gustavo Wilches-Chaux, Miguel Rueda.
250 ## - MENCION DE EDICION
Mención de edición Primera edición
264 #4 - PRODUCCION, PUBLICACION , DISTRIBUCION, FABRICACION Y COPYRIGHT
Lugar de producción, publicación, distribución, fabricación [Bogotá] :
Nombre del productor, editor, distribuidor, fabricante Comisión de la Verdad, Rey Naranjo,
Fecha de de producción, publicación, distribución, fabricación o copyright 2020.
300 ## - DESCRIPCION FISICA
Extensión 59 páginas ;
Dimensiones 18 cm.
336 ## - TIPO DE CONTENIDO
Término de tipo de contenido texto
Código de tipo de contenido txt [
Fuente rdacontent]
337 ## - TIPO DE MEDIO
Nombre del tipo de medio sin mediación
Código del tipo de medio n [
Fuente rdamedia]
338 ## - TIPO DE SOPORTE
Nombre del tipo de soporte volumen
Código del tipo de soporte nc [
Fuente rdacarrier]
490 1# - MENCION DE SERIE
Mención de serie Futuro en Tránsito
650 #7 - PUNTO DE ACCESO ADICIONAL DE MATERIA - TERMINO DE MATERIA
Término de materia o nombre geográfico como elemento inicial Sociología.
Fuente del encabezamiento BLAAUTO
650 #7 - PUNTO DE ACCESO ADICIONAL DE MATERIA - TERMINO DE MATERIA
Término de materia o nombre geográfico como elemento inicial Solución de conflictos.
Fuente del encabezamiento BLAAUTO
650 #7 - PUNTO DE ACCESO ADICIONAL DE MATERIA - TERMINO DE MATERIA
Término de materia o nombre geográfico como elemento inicial Inclusión social.
Fuente del encabezamiento BLAAUTO
650 #7 - PUNTO DE ACCESO ADICIONAL DE MATERIA - TERMINO DE MATERIA
Término de materia o nombre geográfico como elemento inicial Diversidad biológica.
Fuente del encabezamiento BLAAUTO
700 12 - PUNTO DE ACCESO ADICIONAL - NOMBRE DE PERSONA
Nombre de persona Wilches-Chaux, Gustavo,
Fechas asociadas al nombre 1954-
700 12 - PUNTO DE ACCESO ADICIONAL - NOMBRE DE PERSONA
Nombre de persona Rueda Sáenz Miguel Antonio.
942 ## - ENTRADA DE ELEMENTOS AGREGADOS (KOHA)
Fuente de clasificaión o esquema Dewey Decimal Classification
Koha [por defecto] tipo de item LIbro
949 ## - TRATAMIENTO DE LA INFORMACION LOCAL (OCLC)
a n
b n
Existencias
Perdido Fuente de clasificación o esquema Estado Físico No para préstamo Forma de adquisición Localización permanente Localización actual Localización en estanterías Fecha adquisición Préstamos totales Signatura completa Código de barras Fecha última consulta Número de copia Fecha del precio de reemplazo Tipo de item de Koha Note pública
        Sala General Biblioteca Pública Departamental Eduardo Carranza - Villavicencio Biblioteca Pública Departamental Eduardo Carranza - Villavicencio General 05/04/2024   301 Q84d ECA28755 11/26/2024 Ej.1 11/26/2024 LIbro 22427 | 27720
  Dewey Decimal Classification     Colección General Biblioteca Pública Guamal Biblioteca Pública Guamal General 10/03/2024   301 Q84s GUA004179 10/03/2024 Ej.1 10/03/2024 LIbro  









Instituto Departamental de Cultura del Meta - Red Departamental de Bibliotecas Públicas del Meta.